|
|
|
|
| LEADER |
00000nam a22000007a 4500 |
| 005 |
20220621212651.0 |
| 007 |
cr|||| |||| |
| 008 |
220621s2021 es |||||s|||| 00||0 spa d |
| 020 |
|
|
|a 978-84-1377-950-8
|
| 035 |
|
|
|a 36122
|
| 040 |
|
|
|a vLex
|
| 090 |
|
|
|c 13445
|d 13445
|
| 100 |
1 |
|
|a Moreno Flr̤ez, Rosa Mara̕
|
| 245 |
1 |
2 |
|a El centenario del Ordenamiento jurd̕ico de Santi Romano
|h [Recurso electrn̤ico] /
|c Rosa Mara̕ Moreno Flr̤ez
|
| 256 |
|
|
|a Servicio en ln̕ea
|
| 260 |
|
|
|a Madrid:
|b Dykinson,
|c 2021
|
| 300 |
|
|
|a 1 recurso electrn̤ico
|
| 500 |
|
|
|a La profunda influencia que la obra de Santi Romano “El Ordenamiento Jurd̕ico” (2017 y 2018) produjo en Espaą ha llevado al Instituto de Derecho Comparado de la UCM a publicar este volumen. En ľ se analiza su recepcin̤, primero en el Derecho administrativo, y luego en el constitucional. El lector encontrar ̀tambiň en estas pg̀inas dos reflexiones crt̕icas, una desde el contexto jurd̕ico-cultural en el que surgi ̤la obra romaniana en Italia y otra desde la Teora̕ Comunicacional del Derecho como mťodo hermenǔtico- analt̕ico para superar las contradicciones que entre la parte primera (concepto de ordenamiento) y la segunda (relaciones entre ordenamientos) de la obra conmemorada. Asimismo, se proyecta la teora̕ de los ordenamientos jurd̕icos para resolver problemas actuales como explicar las relaciones entre el ordenamiento nacional, el supranacional (con especial referencia a la Unin̤ Europea) y el internacional y dar una respuesta metodolg̤ica al frecuente recurso a la jurisprudencia extranjera por los altos tribunales.
|
| 506 |
1 |
|
|a Disponible solo en los productos indicados
|d vLex Global
|d vLex Global (Academic Edition, excluding Law Schools)
|d vLex Global (U.S. Academic Edition, Law Schools)
|d vLex Global (U.S. Academic Edition, excluding Law Schools)
|d vLex Global (Academic Edition, Law Schools)
|
| 650 |
0 |
4 |
|a Derecho Civil
|z Espaą
|
| 650 |
0 |
4 |
|a Derecho Constitucional
|z Espaą
|
| 740 |
0 |
|
|a vLex Libros (Servicio en ln̕ea)
|
| 856 |
4 |
0 |
|u https://app.vlex.com/#/sources/36122
|z Acceso restringido
|
| 942 |
|
|
|c BOOK
|
| 999 |
0 |
|
|a Civil Law
|
| 999 |
0 |
|
|a Constitutional Law
|